000 00428nam a2200145Ia 4500
008 100204s9999 xx 000 0 und d
082 _b16514
100 _aसवाखंडे द. शि.
245 _aमरणकळा
260 _b"चेतश्री प्रकाशन , अमळनेर"
_c1993
300 _a178
630 _aमरणकळा
730 _aमरणकळा
942 _cBOOK
999 _c460937
_d460934